Countries with Armenian embassies - Statistics

General Stats
  • This quiz has been taken 107 times
  • The average score is 34 of 40
Answer Stats
Continent Country % Correct
Asia/ Europe Russia
96%
Europe United Kingdom
96%
North America United States of America
96%
Asia China
95%
Europe France
95%
South America Argentina
94%
North America Canada
94%
Europe Germany
94%
Europe Italy
94%
Europe Spain
94%
Asia Iran
93%
Europe Ukraine
91%
Europe Belgium
90%
South America Brazil
90%
Asia India
90%
Asia Georgia
89%
Asia Iraq
89%
Europe Poland
89%
Europe Austria
88%
Europe Sweden
88%
Africa Egypt
87%
Asia Japan
87%
Europe the Netherlands
87%
Europe Belarus
85%
North America Mexico
85%
Europe Denmark
83%
Asia Syria
82%
Europe Bulgaria
80%
Asia Kazakhstan
80%
Asia United Arab Emirates
80%
Europe Switzerland
78%
Europe Romania
77%
Europe Czech Republic
73%
Asia Indonesia
68%
Asia Vietnam
68%
Asia Lebanon
67%
Europe Lithuania
65%
Europe Vatican City
63%
Asia Kuwait
62%
Asia Turkmenistan
59%
No matching quizzes found
Score Distribution
Percent of People with Each Score
Percentile by Number Answered
Your Score History
You have not taken this quiz